[Event "IRI-ch Online"]
[Site "Chess.com INT"]
[Date "2021.03.18"]
[Round "10"]
[White "Hosseini, Morteza"]
[Black "Sharafi, Ehsan"]
[Result "1-0"]
[WhiteElo "1862"]
[BlackElo "1628"]
[PlyCount "73"]
[EventDate "2021.03.15"]
[EventType "swiss (rapid)"]
[EventRounds "11"]
[EventCountry "IRI"]
[SourceTitle "CBM 201 Extra"]
[Source "ChessBase"]
[SourceDate "2021.05.31"]
[SourceVersion "1"]
[SourceVersionDate "2021.05.31"]
[SourceQuality "1"]

1. e4 e5 2. Nc3 Nc6 3. Bc4 Nf6 4. d3 Bb4 5. Nge2 d6 6. 0-0 Bg4 7. f3 Bc5+ 8. Kh1 Be6 9. Bg5 Qd7 10. a4 h6 11. Bxf6 gxf6 12. Nd5 Bxd5 13. exd5 Ne7 14. c3 Nf5 15. b4 Ne3 16. Qc1 Rg8 17. Rg1 Nxc4 18. bxc5 Na5 19. Qxh6 Ke7 20. g3 Nb3 21. Rab1 Nxc5 22. d4 Nxa4 23. Qe3 Nb6 24. f4 Nxd5 25. Qf3 Qc6 26. c4 Nb4 27. d5 Qc5 28. fxe5 dxe5 29. Rgf1 Rg6 30. Nc3 Nc2 31. Ne4 Qe3 32. d6+ cxd6 33. Rxb7+ Kf8 34. Qg2 Nd4 35. Nxd6 a5 36. Rxf7+ Kg8 37. Qxa8# 1-0

[Event "IRI-ch Online"]
[Site "Chess.com INT"]
[Date "2021.03.17"]
[Round "6"]
[White "Movahed, Sina"]
[Black "Sharafi, Ehsan"]
[Result "1-0"]
[WhiteElo "1804"]
[BlackElo "1628"]
[PlyCount "57"]
[EventDate "2021.03.15"]
[EventType "swiss (rapid)"]
[EventRounds "11"]
[EventCountry "IRI"]
[SourceTitle "CBM 201 Extra"]
[Source "ChessBase"]
[SourceDate "2021.05.31"]
[SourceVersion "1"]
[SourceVersionDate "2021.05.31"]
[SourceQuality "1"]

1. e4 e5 2. Nf3 Nc6 3. Bb5 a6 4. Ba4 Nf6 5. 0-0 Be7 6. Re1 d6 7. c3 0-0 8. h3 Bd7 9. d4 b5 10. Bc2 Re8 11. Nbd2 Bf8 12. Nf1 Na5 13. a4 c5 14. Bg5 Be6 15. Ng3 h6 16. Bh4 exd4 17. cxd4 Be7 18. axb5 axb5 19. d5 Bd7 20. e5 dxe5 21. d6 Bf8 22. Nh5 Nc4 23. Rxa8 Qxa8 24. Bxf6 gxf6 25. Nxf6+ Kg7 26. Nxd7 f6 27. Nh4 Qc8 28. Qg4+ Kh8 29. Ng6+ 1-0